| 000 | 01389cam a2200361 a 4500 | ||
|---|---|---|---|
| 999 |
_c26635 _d26635 |
||
| 001 | 944440 | ||
| 005 | 20170206084921.0 | ||
| 008 | 830917s1983 enka c f001 0 eng | ||
| 010 | _a 83202045 | ||
| 020 |
_a000217183X : _c£10.95 |
||
| 020 | _a0002171821 (pbk.) | ||
| 050 | 0 | 0 | _aND806 .G74 1983 |
| 110 | 2 | _aNational Gallery (Great Britain) | |
| 245 | 1 | 0 |
_aSpanish and later Italian paintings / _cMichael Helston. |
| 260 |
_aLondon : _bNational Gallery in association with W. Collins, _c1983. |
||
| 300 |
_a128 p. : _bill. (some col.) ; _c28 cm. |
||
| 490 | 1 | _aThe National Gallery schools of painting | |
| 500 | _aIncludes index. | ||
| 610 | 2 | 0 |
_aNational Gallery (Great Britain) _vCatalogs. |
| 650 | 0 |
_aPainting, Spanish _y17th century _vCatalogs. |
|
| 650 | 0 |
_aPainting, Spanish _y18th century _vCatalogs. |
|
| 650 | 0 |
_aPainting, Italian _y17th century _vCatalogs. |
|
| 650 | 0 |
_aPainting, Italian _y18th century _vCatalogs. |
|
| 650 | 0 |
_aPainting _zEngland _zLondon _vCatalogs. |
|
| 700 | 1 | _aHelston, Michael. | |
| 810 | 2 |
_aNational Gallery (Great Britain). _tNational Gallery schools of painting. |
|
| 942 |
_2lcc _cBOOKS |
||